000 00608nam a2200217Ia 4500
003 OSt
005 20220928141140.0
006 a|||||r|||| 00| 0
007 ta
008 220927b |||||||| |||| 00| 0 eng d
024 _a13872
037 _cTextual
040 _aSDCL
_cSDCL
_beng
041 _2eng
_aeng
082 _aX:8:(D6,8(B)), P2
100 _aFranke Ulrich J
_9499245
245 0 _aManaging virtual web organizations in the 21st century
_b Issues and challenges
260 _c2002
942 _hX:8:(D6,8(B)), P2
_cTEXL
_2CC
999 _c816281
_d816281